000 005190000a22001810004500
020 _a0-340-18560-0
041 0 _aENG
082 0 4 _aG 266.0092 H8384a
100 1 _aHoughton, Frank (1894-)
245 1 0 _aAmy Carmichael of Dohnavur : The story of a lover and her beloved / Frank Houghton
260 _aLondres, Inglaterra : Hodder & Stoughton
300 _a430 Pag
001 10731
942 _cBK
999 _c40190
_d40190
336 _atexto
_btxt
_2rdacontent
337 _2rdamedia
_asin mediación
_bn
338 _2rdacarrier
_avolumen
_bnc